A victory for common sense (Record no. 76423)
[ view plain ]
| 000 -LEADER | |
|---|---|
| fixed length control field | 01020cab a2200181 4500 |
| 001 - CONTROL NUMBER | |
| control field | ##L132407 |
| 008 - FIXED-LENGTH DATA ELEMENTS--GENERAL INFORMATION | |
| fixed length control field | 060203n2006 000 0 eng u |
| 035 ## - SYSTEM CONTROL NUMBER | |
| System control number | (Sirsi) u132407 |
| 041 0# - LANGUAGE CODE | |
| Language code of text/sound track or separate title | eng |
| 100 1# - MAIN ENTRY--PERSONAL NAME | |
| Personal name | Jansen, Mark |
| 245 02 - TITLE STATEMENT | |
| Title | A victory for common sense |
| 260 ## - PUBLICATION, DISTRIBUTION, ETC. | |
| Date of publication, distribution, etc. | 2006 |
| 490 #0 - SERIES STATEMENT | |
| Series statement | Property Week |
| Volume/sequential designation | 71(4) 27 January 2006, 72-74(1) |
| 520 ## - SUMMARY, ETC. | |
| Summary, etc. | RICS has won an important victory in its long-running battle with the Treasury and the Financial Services Authority over the regulation of property managers and building surveyors - they have won the right to licence the industry and reduce bureaucracy. The institution is to be awarded 'designated professional body' status by the Treasury, giving it the authority to licence surveyors for insurance activities. RICS has devised its own system of regulations for insurance which promises to be a much simplified version of the Financial Service Authorities existing practice. |
| 590 ## - LOCAL NOTE (RLIN) | |
| Local note | IKA140206 |
| 650 24 - SUBJECT ADDED ENTRY--TOPICAL TERM | |
| Topical term or geographic name entry element | FINANCIAL SERVICES AUTHORITY |
| 942 ## - ADDED ENTRY ELEMENTS (KOHA) | |
| Suppress in OPAC | 0 |
| Withdrawn status | Lost status | Source of classification or shelving scheme | Damaged status | Not for loan | Home library | Current library | Shelving location | Date acquired | Total Checkouts | Full call number | Barcode | Date last seen | Copy number | Price effective from | Koha item type |
|---|---|---|---|---|---|---|---|---|---|---|---|---|---|---|---|
| Dewey Decimal Classification | London | London | Journal article | 03/02/2006 | L132407 | 132407-1001 | 06/08/2019 | 1 | 06/08/2019 | Journal article |